| 000 | 00467nam a2200145Ia 4500 | ||
|---|---|---|---|
| 008 | 190927s9999||||xx |||||||||||||| ||und|| | ||
| 020 | _a8170811899 | ||
| 082 |
_a242 _bNEE/S |
||
| 100 | _aNeelKantha | ||
| 245 | 0 | _cSriman Maha Bharatam: Part: 7; Parva: 13-Anushasan, 14-Ashwamedhik, 15-Ashramvasik, 16-Mausal, 17-Mahaprasthanik, 18-Svargarohan Parva | |
| 250 | _a1 | ||
| 260 |
_aDelhi _bNag Publishers _c1988 |
||
| 300 | _a606 | ||
| 942 | _cBK | ||
| 999 |
_c13342 _d13342 |
||